La Conferencia de Ginebra y la anchura del mar territorial /

Guardado en:
Bibliografiske detaljer
Hovedforfatter: García Robles, Alfonso (autor)
Format: Bog
Sprog:spansk
Udgivet: México : editorial no identificada, 1959
Tags: Tilføj Tag
Ingen Tags, Vær først til at tagge denne postø!

MARC

LEADER 00000nam^a2200000^a^4500
001 000430881
005 20250526000000.0
009 20260310122934.276
037 |a Acervo ITESO - Biblioteca 
041 |a ESP 
091 |a FHM. 05236 
100 |a García Robles, Alfonso  |e (autor) 
245 1 3 |a La Conferencia de Ginebra y la anchura del mar territorial / 
264 1 |a México :  |b editorial no identificada,  |c 1959 
300 |a VIII, 447 p. ;  |c 24.0 cm. 
336 |a texto  |b txt  |2 rdacontenido 
337 |a sin mediación  |b n  |2 rdamedio 
338 |a volumen  |b nc  |2 rdasoporte 
649 |a XX 
910 |a Fondo Hugo B. Margáin 
920 |a Impresos - Libros 
930 |a Libros Antiguos y Raros 
905 |a 126 
901 |a 0500316993  |b IT2  |c LRA  |i D107926  |u 20250526 
901 |a 0500305166  |b IT2  |c LRA  |i D109931  |u 20250526 
901 |a 0500305880  |b IT2  |c LRA  |i D108350  |u 20250526 
902 |a https://opac.biblio.iteso.mx/vufind/Record/000430881